[Event "Interclubs Jeunes"]
[Site "Villepinte"]
[Date "20/12/2009"]
[Round "6.9"]
[White "Le, Quan Anh"]
[Black "Raynaud, Jean-Philippe"]
[Result "0-1"]
[WhiteElo "1410"]
[BlackElo "1220"]
[WhiteTeam "Créteil"]
[BlackTeam "Cannes"]

1. e4 e5 2. Nf3 Nf6 3. Nxe5 d6 4. Nf3 Nxe4 5. Qe2 Qe7 6. d3 Nf6 7. Nc3 Qxe2+ 8.
Bxe2 Be7 9. O-O a6 10. Bg5 O-O 11. Nd5 Nxd5 12. c4 Nf6 13. d4 Re8 14. Bd3 Bg4
15. Bxf6 Bxf6 16. Nd2 Bxd4 17. Rab1 Nc6 18. Nb3 Bf6 19. f3 Bh5 20. Nd2 Bd4+ 21.
Kh1 Re3 22. Be4 Re2 23. Nb3 Bxb2 24. Bd3 Re3 25. Rxb2 Rxd3 26. Re2 h6 27. Nc1
Rd4 28. g4 Bg6 29. f4 Be4+ 30. Kg1 Nb4 31. Rfe1 Bf3 32. Re8+ Rxe8 33. Rxe8+ Kh7
34. Re1 Bxg4 35. Nb3 Rxf4 36. Rf1 Rxf1+ 37. Kxf1 f5 38. Kf2 Kg6 39. Kg3 Kg5 40.
a3 Nd3 41. a4 c6 42. a5 d5 43. cxd5 cxd5 44. Nd4 Kf6 45. Kg2 Ke5 46. Nf3+ Bxf3+
47. Kxf3 f4 48. Ke2 Ke4 49. h4 Nb4 50. Kf2 d4 51. Ke2 f3+ 52. Kf2 d3 53. Ke1
Ke3 54. Kd1 f2 55. Kc1 f1=Q+ 0-1

[Event "Interclubs Jeunes"]
[Site "Villepinte"]
[Date "20/12/2009"]
[Round "6.10"]
[White "Mohammad, Fahim"]
[Black "Mautin, Arthur"]
[Result "1-0"]
[WhiteElo "1832"]
[BlackElo "1410"]
[WhiteTeam "Créteil"]
[BlackTeam "Cannes"]

1. d4 d5 2. c4 c6 3. Nc3 dxc4 4. Nf3 Nf6 5. e4 b5 6. a4 Ba6 7. axb5 Bxb5 8. d5
e5 9. Bg5 Bb4 10. dxc6 Qxd1+ 11. Kxd1 Nxc6 12. Nxb5 Nxe4 13. Nc7+ Kf8 14. Nxa8
Nxf2+ 15. Ke2 Nxh1 16. Be3 Ke7 17. Nc7 Rd8 18. g3 a5 19. Bg2 Nxg3+ 20. hxg3
Nd4+ 21. Nxd4 exd4 22. Bd2 d3+ 23. Kd1 Rd4 24. Nd5+ Kd6 25. Nxb4 axb4 26. Bxb4+
Ke6 27. Bc3 Rd6 28. Ra4 g6 29. Rxc4 f5 30. Rd4 1-0

[Event "Interclubs Jeunes"]
[Site "Villepinte"]
[Date "20/12/2009"]
[Round "6.1"]
[White "Thinon, Lucas"]
[Black "Clement, Alexandre"]
[Result "1-0"]
[WhiteElo "1712"]
[BlackElo "1808"]
[WhiteTeam "Montpellier"]
[BlackTeam "Villepinte"]

1. d4 d5 2. Bf4 Nf6 3. e3 Bf5 4. c4 c6 5. Qb3 Qb6 6. c5 Qxb3 7. axb3 Bxb1 8.
Rxb1 g6 9. Ra1 Nfd7 10. Nf3 Bg7 11. Be2 O-O 12. Kd2 f6 13. Ra2 e5 14. Bg3 Re8
15. Rha1 a6 16. b4 Bh6 17. Kd1 Re6 18. b5 cxb5 19. Bxb5 Bg7 20. b4 Nc6 21. Bxc6
Rxc6 22. b5 Re6 23. c6 bxc6 24. Rxa6 Rc8 25. Rc1 Nb8 26. Rb6 h6 27. Rb7 Rd8 28.
b6 Nd7 29. Rb1 Rd6 30. Rc7 c5 31. dxc5 Nxc5 32. Rxc5 Rb8 33. b7 Rdd8 34. Nd4
Bf8 35. Rc2 Rd7 36. Rcb2 Rc7 37. Rb6 1-0

[Event "Interclubs Jeunes"]
[Site "Villepinte"]
[Date "20/12/2009"]
[Round "6.3"]
[White "Allamel, Benjamin"]
[Black "Bellaiche, Elise"]
[Result "0-1"]
[WhiteElo "1400"]
[BlackElo "1833"]
[WhiteTeam "Montpellier"]
[BlackTeam "Villepinte"]

1. d4 d5 2. c4 c6 3. Nc3 Nf6 4. Nf3 dxc4 5. Bg5 h6 6. Bxf6 exf6 7. e3 Be6 8.
Nd2 b5 9. Be2 Be7 10. Bf3 a6 11. O-O O-O 12. Qc2 Qc7 13. Nde4 Nd7 14. Rad1 Nb6
15. Ng3 Nd5 16. Nxd5 cxd5 17. e4 Rad8 18. exd5 Bxd5 19. Bxd5 Rxd5 20. Nf5 Qd7
21. Nxe7+ Qxe7 22. Rd2 Rfd8 23. Qc3 Qe4 24. Rfd1 f5 25. Qe3 Re8 26. Re1 Kf8 27.
h3 Qxe3 28. fxe3 Re4 29. Kf2 Ke7 30. Rc1 f4 31. exf4 Rdxd4 32. Rxd4 Rxd4 33.
Re1+ Kd6 34. Ke3 Rd3+ 35. Ke2 Rd4 36. Rd1 Rxd1 37. Kxd1 Kd5 38. Ke2 Kd4 39. g3
a5 40. f5 f6 41. g4 b4 42. Kd2 c3+ 43. Kc2 a4 44. b3 axb3+ 45. axb3 Ke3 0-1

[Event "Interclubs Jeunes"]
[Site "Villepinte"]
[Date "20/12/2009"]
[Round "6.4"]
[White "Quinqueneau, Dylan"]
[Black "Agussol, Lucas"]
[Result "1-0"]
[WhiteElo "1710"]
[BlackElo "1526"]
[WhiteTeam "Villepinte"]
[BlackTeam "Montpellier"]

1. e4 e6 2. d4 d5 3. Nd2 c5 4. exd5 exd5 5. Bb5+ Bd7 6. Qe2+ Qe7 7. Bxd7+ Nxd7
8. dxc5 Qxe2+ 9. Nxe2 Nxc5 10. Nf3 O-O-O 11. Ne5 Nh6 12. Bxh6 gxh6 13. Nxf7 Bg7
14. Nxh8 Bxb2 15. Rd1 Bxh8 16. O-O Re8 17. Rxd5 Na6 18. Ng3 Nb4 19. Rc5+ Kb8
20. a3 Nc6 21. Rh5 Bg7 22. Nf5 Bf8 23. Nxh6 Bxa3 24. Ng4 Nd4 25. Ne3 b5 26.
Rxh7 a5 27. h4 a4 28. Ra1 Bb2 29. Ra2 a3 30. Kf1 b4 31. Rh5 Ka7 32. Rh7+ Kb8
33. g3 b3 34. cxb3 Nxb3 35. Nc4 Nc1 36. Rxb2+ axb2 37. Nxb2 Ne2 38. Nc4 Nd4 39.
Ne3 Rf8 40. h5 Kc8 41. h6 Ne6 42. Re7 Ng5 43. f4 Kd8 44. Ra7 Ne4 45. Ra8+ Ke7
46. Rxf8 Kxf8 47. Kg2 Kg8 48. g4 Kh7 49. g5 Kg8 50. Kf3 Nd6 51. Kg4 Nf7 52. Kh5
Nh8 53. g6 Nxg6 54. Kxg6 Kh8 55. f5 Kg8 56. f6 Kh8 57. Ng4 Kg8 58. f7+ Kf8 59.
h7 Ke7 60. h8=Q Ke6 61. Qe5+ Kd7 62. Qf6 Kc8 63. f8=R+ Kd7 64. Rf7+ 1-0

[Event "Interclubs Jeunes"]
[Site "Villepinte"]
[Date "20/12/2009"]
[Round "6.5"]
[White "Apap, Hugo"]
[Black "Ek, Alexandre"]
[Result "0-1"]
[WhiteElo "1530"]
[BlackElo "1833"]
[WhiteTeam "Montpellier"]
[BlackTeam "Villepinte"]

1. d4 c5 2. Nf3 cxd4 3. Nxd4 Nf6 4. Nc3 e5 5. Nf3 Nc6 6. e4 Bb4 7. Bd3 d5 8.
O-O Bxc3 9. bxc3 dxe4 10. Nxe5 Nxe5 11. Bb5+ Bd7 12. Bxd7+ Qxd7 13. Qxd7+ Kxd7
14. Rd1+ Ke6 15. Ba3 Rhd8 16. Re1 Rd2 17. Rac1 Nc4 18. Bb4 b6 19. Red1 Rxd1+
20. Rxd1 a5 21. Rd4 Rc8 22. Bf8 Rxf8 23. Rxc4 Rd8 24. Rc6+ Rd6 25. Rc7 Rd1# 0-1

[Event "Interclubs Jeunes"]
[Site "Villepinte"]
[Date "20/12/2009"]
[Round "6.6"]
[White "Venou, Randjit"]
[Black "Arnaud-Audiffren, Alexandre"]
[Result "1-0"]
[WhiteElo "1950"]
[BlackElo "1556"]
[WhiteTeam "Villepinte"]
[BlackTeam "Montpellier"]

1. e4 c5 2. Nf3 d6 3. d4 cxd4 4. Nxd4 Nf6 5. Nc3 g6 6. Be3 Bg7 7. Bc4 O-O 8. f3
Nc6 9. O-O Bd7 10. Qd2 Rc8 11. Bb3 Qc7 12. Ncb5 Qb8 13. Nxc6 bxc6 14. Nc3 c5
15. a3 Ne8 16. Rab1 c4 17. Ba2 f5 18. Bxc4+ e6 19. Be2 Qc7 20. Bh6 Bxc3 21.
Qxc3 Qxc3 22. bxc3 Rf7 23. Bd2 Nf6 24. exf5 gxf5 25. Rb7 Ba4 26. Rxf7 Kxf7 27.
Bd3 Rb8 28. Be3 a5 29. Bd2 Rb2 30. c4 Bxc2 31. Bxc2 Rxc2 32. Bxa5 Rxc4 33. Ra1
d5 34. Be1 d4 35. a4 Nd5 36. a5 d3 37. a6 Nb6 38. Rb1 Na8 39. Rb8 Rc1 40. Kf2
Rc2+ 41. Ke3 Re2+ 42. Kxd3 Rxe1 43. Rxa8 Ra1 44. Kc4 Ke7 45. a7 Kd7 46. Rh8 1-0

[Event "Interclubs Jeunes"]
[Site "Villepinte"]
[Date "20/12/2009"]
[Round "6.7"]
[White "Apap, Titouan"]
[Black "Ek, Bora"]
[Result "1-0"]
[WhiteElo "1440"]
[BlackElo "1360"]
[WhiteTeam "Montpellier"]
[BlackTeam "Villepinte"]

1. d4 d5 2. Bf4 Nc6 3. e3 a6 4. Nd2 Nf6 5. Ngf3 h6 6. h4 Bg4 7. Bd3 e6 8. a3
Bd6 9. Qe2 Bxf3 10. Nxf3 Qd7 11. g3 O-O 12. O-O-O b5 13. c3 Na5 14. Bc2 Be7 15.
Ne5 Qc8 16. g4 Nc4 17. Nc6 Qd7 18. Nxe7+ Qxe7 19. g5 hxg5 20. hxg5 Ne4 21. Qh5
g6 22. Qh8# 1-0

[Event "Interclubs Jeunes"]
[Site "Villepinte"]
[Date "20/12/2009"]
[Round "6.8"]
[White "Barbe Asensio, Cyrielle"]
[Black "Le Menelec, Alan-Long"]
[Result "1-0"]
[WhiteElo "1300"]
[BlackElo "1380"]
[WhiteTeam "Montpellier"]
[BlackTeam "Villepinte"]

1. b3 e5 2. Bb2 Nc6 3. e3 d5 4. Bb5 Bd6 5. Ne2 Bd7 6. O-O a6 7. Bxc6 Bxc6 8. d3
Nf6 9. Nd2 O-O 10. c4 Be7 11. Nf3 e4 12. dxe4 dxe4 13. Ne1 Qxd1 14. Rxd1 Rfe8
15. Nc2 b5 16. Ned4 Bd7 17. Ba3 Bxa3 18. Nxa3 b4 19. Nac2 a5 20. Nb5 Bxb5 21.
cxb5 h6 22. f3 Rad8 23. Rxd8 Rxd8 24. Nd4 c5 25. bxc6 Rc8 26. Rc1 Nd5 27. Nb5
exf3 28. gxf3 Nc7 29. Nxc7 Rxc7 30. Kf2 Kf8 31. Ke2 Ke7 32. Kd3 Kd6 33. Ke4
Rxc6 34. Rxc6+ Kxc6 35. Ke5 Kd7 36. Kd5 f5 37. e4 fxe4 38. fxe4 g5 39. Ke5 Ke7
40. Kf5 Kf7 41. e5 Ke7 42. e6 g4 43. Kxg4 Kxe6 44. Kf4 Kf6 45. h3 h5 46. h4 Kg6
47. Ke5 Kh6 48. Kd5 Kg6 49. Ke5 Kg7 50. Kf5 Kh6 51. Kf6 Kh7 52. Kg5 Kg7 53.
Kxh5 Kh7 54. Kg4 Kh6 55. h5 Kg7 56. Kf5 Kh6 57. Ke5 Kxh5 58. Kd5 Kg6 59. Kc5
Kf7 60. Kb5 Ke7 61. Kxa5 1-0

[Event "Interclubs Jeunes"]
[Site "Villepinte"]
[Date "20/12/2009"]
[Round "6.9"]
[White "Le Menelec, Alan-Long"]
[Black "Apap, Titouan"]
[Result "1-0"]
[WhiteElo "1380"]
[BlackElo "1440"]
[WhiteTeam "Villepinte"]
[BlackTeam "Montpellier"]

1. e4 d5 2. exd5 Qxd5 3. Nc3 Qa5 4. d4 Bf5 5. Nf3 Nf6 6. Bd3 Nbd7 7. Bxf5 Qxf5
8. O-O O-O-O 9. Be3 e5 10. d5 e4 11. Ne1 Qe5 12. f4 Qf5 13. Qd4 Bc5 14. Qd2
Bxe3+ 15. Qxe3 Nxd5 16. Qxe4 Qxe4 17. Nxe4 Ne3 18. Rf2 Rhe8 19. Ng3 Nf6 20. Nd3
Nfg4 21. Re2 Rd4 22. h3 Nf6 23. Rae1 Nfd5 24. Kf2 Nxf4 25. Rxe3 Nxd3+ 26. Rxd3
Rf4+ 27. Rf3 Rxf3+ 28. gxf3 Rd8 29. Re7 Rd2+ 30. Re2 Rd4 31. Nf5 Rb4 32. c3 Rb6
33. Nxg7 Rh6 34. Re7 Rxh3 35. Kg2 Rh6 36. Kf2 Rh2+ 37. Kg3 Rh6 38. Kf4 Rh4+ 39.
Ke3 f5 40. Nxf5 Rh1 41. f4 h5 42. Rh7 Rh3+ 43. Kf2 Rh2+ 44. Kg3 Rxb2 45. Rxh5
Rxa2 46. Nd4 Ra3 47. Ne2 Ra6 48. f5 Kd8 49. Kg4 Ke7 50. Kg5 Ra5 51. Rh7+ Kf8
52. Kg6 Ra6+ 53. f6 Rc6 54. Rh8# 1-0

[Event "Interclubs Jeunes"]
[Site "Villepinte"]
[Date "20/12/2009"]
[Round "6.10"]
[White "Ek, Bora"]
[Black "Barbe Asensio, Cyrielle"]
[Result "0-1"]
[WhiteElo "1360"]
[BlackElo "1300"]
[WhiteTeam "Villepinte"]
[BlackTeam "Montpellier"]

1. e4 b6 2. d4 Bb7 3. Nc3 e6 4. a3 d6 5. Nf3 Ne7 6. Bd3 g6 7. Be3 Bg7 8. Qd2
Nd7 9. O-O Nf6 10. b4 Nc6 11. Ne2 Qe7 12. Ng3 O-O-O 13. c4 Ng4 14. b5 Nxe3 15.
fxe3 Nb8 16. a4 d5 17. exd5 exd5 18. c5 Rde8 19. cxb6 axb6 20. a5 Nd7 21. axb6
Nxb6 22. Rfe1 Bh6 23. Nf1 Qd7 24. Ne5 Qe6 25. Qf2 Rhf8 26. Rac1 f6 27. Qc2 Qd6
28. Ng4 Bg5 29. Nf2 Re7 30. Nh3 Nc4 31. Nxg5 fxg5 32. Bxc4 dxc4 33. Qxc4 Qd5
34. Qxd5 Bxd5 35. b6 Ref7 36. bxc7 Rxc7 37. Rxc7+ Kxc7 38. e4 Bb7 39. Rc1+ Kd6
40. d5 Rf4 41. Ng3 h5 42. Re1 Ke5 43. d6 Kxd6 44. e5+ Ke6 45. Re3 h4 46. Ne2
Re4 47. Rxe4 Bxe4 48. Nc3 Kxe5 49. Nxe4 Kxe4 50. Kf2 Kf4 51. g3+ hxg3+ 52.
hxg3+ Kg4 53. Kg2 Kf5 54. Kf2 Kg4 55. Kg2 Kh5 56. Kh2 g4 57. Kh1 Kg5 58. Kg2
Kf5 59. Kf2 Ke4 60. Ke2 g5 61. Kf2 Kd3 62. Kf1 Ke3 63. Ke1 Kf3 64. Kf1 Kxg3 65.
Kg1 Kf3 66. Kf1 g3 67. Kg1 g2 68. Kh2 Kf2 69. Kh3 g1=R 70. Kh2 Rg3 71. Kh1 Rh3#
0-1

[Event "Interclubs Jeunes"]
[Site "Villepinte"]
[Date "20/12/2009"]
[Round "6.1"]
[White "Bouyssieres, Max"]
[Black "Ollier, Milan"]
[Result "1-0"]
[WhiteElo "1707"]
[BlackElo "2117"]
[WhiteTeam "Toulouse C.E."]
[BlackTeam "La Tour d'Auvergne"]

1. e4 c5 2. Nf3 Nc6 3. d4 cxd4 4. Nxd4 e5 5. Nb5 d6 6. a4 Be6 7. N1c3 Nf6 8.
Bg5 a6 9. Na3 Rc8 10. Bc4 Nb4 11. b3 Rc5 12. Qd2 Be7 13. Rd1 O-O 14. Bxf6 gxf6
15. O-O Qc8 16. Nd5 Nxd5 17. Bxd5 Bxd5 18. exd5 f5 19. a5 f4 20. f3 Qf5 21. Nc4
Kh8 22. Kf2 Rg8 23. g4 Bh4+ 24. Kg2 Rg6 25. Nxd6 Qd7 26. Ne4 Rc8 27. Kh1 b5 28.
axb6 Rxb6 29. d6 Bd8 30. Rf2 Rb5 31. c4 Rxb3 32. Qd5 f6 33. c5 Rb7 34. Rc1 Qc6
35. Qe6 Kg7 36. Ra2 a5 37. h4 Rb4 38. g5 f5 39. Qxe5+ Kg6 40. h5+ Kf7 41. g6+
Kg8 42. Qe6+ Kh8 43. g7+ Kxg7 44. Rg2+ 1-0

[Event "Interclubs Jeunes"]
[Site "Villepinte"]
[Date "20/12/2009"]
[Round "6.2"]
[White "Julien, Clement"]
[Black "Jouanneau, Armand"]
[Result "1-0"]
[WhiteElo "1868"]
[BlackElo "1815"]
[WhiteTeam "La Tour d'Auvergne"]
[BlackTeam "Toulouse C.E."]

1. e4 e5 2. Nf3 Nc6 3. Bc4 Bc5 4. c3 Nf6 5. d3 d6 6. O-O Be6 7. Bb3 O-O 8. Nbd2
a5 9. a4 Qe7 10. Bc2 h6 11. h3 Rad8 12. Re1 Qd7 13. Nf1 Rfe8 14. d4 exd4 15.
cxd4 Bb4 16. Re3 d5 17. e5 Nh7 18. Qd3 Nf8 19. Ng3 Ne7 20. Nh4 Neg6 21. Ngf5
Bxf5 22. Nxf5 Qc6 23. Rg3 Kh8 24. h4 Ne6 25. Bxh6 gxh6 26. Nxh6 Nef4 27. Nxf7+
Kg7 28. Rxg6+ Nxg6 29. Nxd8 Rxd8 30. h5 Nf8 31. Qf5 Be7 32. g4 Qe6 33. f4 Qb6
34. Qd3 Qh6 35. Rf1 c5 36. f5 c4 37. f6+ Bxf6 38. exf6+ Qxf6 39. Qe3 Qh4 40.
h6+ Kg8 41. Qe5 Qxg4+ 42. Kh1 Qh3+ 43. Kg1 Qg4+ 44. Kh2 Qh4+ 45. Kg2 Qg4+ 46.
Qg3 Qxg3+ 47. Kxg3 Rd6 48. Kh4 Rxh6+ 49. Kg3 Rb6 50. Rf2 Kg7 51. Bd1 Ne6 52.
Bf3 Rb3 53. Kg4 Nxd4 54. Bxd5 Rd3 55. Bxc4 Re3 56. Rf7+ Kg6 57. Rxb7 Re4+ 58.
Kh3 Re3+ 59. Kg2 Kf6 60. Kf2 Rh3 61. b3 1-0

[Event "Interclubs Jeunes"]
[Site "Villepinte"]
[Date "20/12/2009"]
[Round "6.3"]
[White "Dupouy, Francois"]
[Black "Valente, Alexandre"]
[Result "0-1"]
[WhiteElo "1813"]
[BlackElo "1889"]
[WhiteTeam "Toulouse C.E."]
[BlackTeam "La Tour d'Auvergne"]

1. e4 c5 2. Nf3 d6 3. d4 cxd4 4. Nxd4 Nf6 5. Nc3 a6 6. Bg5 e6 7. f4 Qb6 8. Nb3
Be7 9. Qf3 Nbd7 10. O-O-O Qc7 11. g4 b5 12. Bxf6 Nxf6 13. g5 Nd7 14. Bd3 Bb7
15. h4 b4 16. Ne2 a5 17. Ned4 a4 18. Nb5 Qb6 19. Nd2 Ba6 20. Nc4 Qc5 21. Ncxd6+
Bxd6 22. Nxd6+ Qxd6 23. Bb5 Qxd1+ 24. Rxd1 Bxb5 25. e5 O-O 26. h5 Rfc8 27. Kb1
Bc6 28. Qg3 Be4 29. Rxd7 Rxc2 30. Rd3 Rac8 31. a3 Rc1+ 32. Ka2 b3+ 33. Rxb3
Bb1+ 0-1

[Event "Interclubs Jeunes"]
[Site "Villepinte"]
[Date "20/12/2009"]
[Round "6.4"]
[White "Labrosse, Pierre-Henri"]
[Black "Wassen, Antoine"]
[Result "1-0"]
[WhiteElo "1676"]
[BlackElo "1668"]
[WhiteTeam "La Tour d'Auvergne"]
[BlackTeam "Toulouse C.E."]

1. e4 e5 2. Nf3 Nc6 3. Nc3 Nf6 4. Bb5 d6 5. d4 exd4 6. Nxd4 Bd7 7. h3 g6 8. Bg5
Bg7 9. Nd5 h6 10. Nxf6+ Bxf6 11. Bxf6 Qxf6 12. c3 Ne5 13. Bxd7+ Kxd7 14. Qe2 a6
15. Rf1 Qh4 16. O-O-O Qg5+ 17. f4 1-0

[Event "Interclubs Jeunes"]
[Site "Villepinte"]
[Date "20/12/2009"]
[Round "6.5"]
[White "Jouanneau, Gatien"]
[Black "Nord, Clara"]
[Result "1-0"]
[WhiteElo "1590"]
[BlackElo "1340"]
[WhiteTeam "Toulouse C.E."]
[BlackTeam "La Tour d'Auvergne"]

1. e4 e5 2. Nf3 d6 3. Bc4 Be7 4. d3 Nf6 5. Nc3 O-O 6. Be3 Nbd7 7. O-O Ng4 8.
Bd2 c6 9. h3 Ngf6 10. Bg5 b5 11. Bb3 h6 12. Bh4 Nh5 13. Bxe7 Qxe7 14. a3 Qf6
15. d4 Qg6 16. Ne2 Nb6 17. Qd3 Bxh3 18. Nh4 Qg4 19. Qxh3 Qxe2 20. Qf3 Qxf3 21.
Nxf3 Rfe8 22. dxe5 dxe5 23. Rfd1 Nf6 24. Re1 Rad8 25. c3 Nc4 26. Bxc4 bxc4 27.
a4 Rb8 28. Re2 Nh5 29. Rd1 Nf4 30. Rc2 Nd3 31. b4 c5 32. b5 a6 33. bxa6 Ra8 34.
Ra2 Rxa6 35. Rda1 f6 36. Nd2 Rb8 37. Nxc4 Rb3 38. Rc2 Kf7 39. Kf1 Nf4 40. g3
Rxa4 41. gxf4 Rxa1+ 42. Kg2 exf4 43. Kf3 g5 44. Nd6+ Ke6 45. Nf5 Ke5 46. Nxh6
Raa3 47. Nf7+ Ke6 48. Nd8+ Ke5 49. Nf7+ Ke6 50. Nd8+ Kd6 51. Rd2+ Kc7 52. Ne6+
Kb6 53. Rd6+ Kb5 54. Nc7+ Kc4 55. Nd5 Kb5 56. Nc7+ Kc4 57. Nd5 Kb5 58. Rxf6 Ra6
59. Nc7+ 1-0

[Event "Interclubs Jeunes"]
[Site "Villepinte"]
[Date "20/12/2009"]
[Round "6.6"]
[White "Zounani, Yacine"]
[Black "Bertrand, Marin"]
[Result "0-1"]
[WhiteElo "1380"]
[BlackElo "1530"]
[WhiteTeam "La Tour d'Auvergne"]
[BlackTeam "Toulouse C.E."]

1. e4 e5 2. Nf3 Nc6 3. Bc4 Bc5 4. c3 d6 5. d4 Bb6 6. d5 Nce7 7. Bg5 h6 8. Bh4
g5 9. Bg3 Nf6 10. Nfd2 Ng6 11. Bb5+ Bd7 12. Bxd7+ Qxd7 13. O-O O-O-O 14. Re1 h5
15. h3 Rh7 16. Qf3 Qe7 17. Nc4 Rdh8 18. Nxb6+ axb6 19. Qf5+ Nd7 20. Nd2 g4 21.
f3 h4 22. Bh2 g3 23. Bxg3 hxg3 24. b4 Rh5 25. Qg4 Rg5 0-1

[Event "Interclubs Jeunes"]
[Site "Villepinte"]
[Date "21/12/2009"]
[Round "7.1"]
[White "Romero, Vladimir"]
[Black "Thon, Gabriel"]
[Result "0-1"]
[WhiteElo "1813"]
[BlackElo "2107"]
[WhiteTeam "Villepinte"]
[BlackTeam "Lyon"]

1. e4 c5 2. Nf3 a6 3. d4 cxd4 4. Nxd4 Nf6 5. Nc3 e5 6. Nf3 Bb4 7. Bd3 d5 8.
Nxe5 Qe7 9. f4 d4 10. a3 dxc3 11. axb4 cxb2 12. Bxb2 Qxb4+ 13. c3 Qxb2 14. O-O
O-O 15. Bc4 Qb6+ 16. Kh1 Be6 17. Rb1 Qc7 18. Bxe6 fxe6 19. Qb3 Nc6 20. Qxe6+
Kh8 21. Nxc6 Qxc6 22. Qxc6 bxc6 23. Rb6 Nxe4 24. Rxc6 a5 25. g3 a4 26. Ra1 a3
27. Re6 Nxc3 28. Re3 Rfc8 29. Kg2 a2 30. Kf3 Kg8 31. h4 Ra3 32. Kg4 Rb8 33.
Rae1 Rab3 34. Ra1 Rb1 35. Rxa2 Nxa2 36. h5 R1b3 37. Re7 R8b7 38. Re8+ Kf7 39.
Rh8 Rb8 40. Rxh7 R3b6 0-1

[Event "Interclubs Jeunes"]
[Site "Villepinte"]
[Date "21/12/2009"]
[Round "7.2"]
[White "Gueriche, Guillaume"]
[Black "Clement, Alexandre"]
[Result "1-0"]
[WhiteElo "2035"]
[BlackElo "1808"]
[WhiteTeam "Lyon"]
[BlackTeam "Villepinte"]

1. d4 d5 2. Nf3 Nf6 3. c4 c6 4. Nc3 e6 5. e3 Bd6 6. Bd3 Nbd7 7. O-O dxc4 8.
Bxc4 b5 9. Bd3 a6 10. Re1 O-O 11. b3 Bb7 12. Bb2 Re8 13. Rc1 c5 14. Bb1 h6 15.
dxc5 Nxc5 16. Nd4 Rc8 17. Nce2 Bb8 18. Ng3 Bxg3 19. hxg3 Qd5 20. Nf3 Qxd1 21.
Rexd1 Nce4 22. Kf1 Rxc1 23. Rxc1 Rc8 24. Rxc8+ Bxc8 25. Ke2 Bb7 26. Ne5 Kf8 27.
g4 Ke8 28. f3 Nc5 29. e4 Ncd7 30. Kd2 Nxe5 31. Bxe5 Ke7 32. Kc3 g6 33. Kb4 Nd7
34. Bc7 Kf6 35. Bd6 e5 36. Bd3 Kg5 37. a4 bxa4 38. bxa4 Kf4 39. Ka5 Bc6 40.
Bxa6 Kg3 41. Bb5 Ba8 42. Bxd7 Kxg2 43. Kb6 Kxf3 44. Bc6 Bxc6 45. Kxc6 Kxe4 46.
a5 Kf4 47. a6 Kxg4 48. a7 1-0

[Event "Interclubs Jeunes"]
[Site "Villepinte"]
[Date "21/12/2009"]
[Round "7.3"]
[White "Quinqueneau, Dylan"]
[Black "Malka, Samuel"]
[Result "0-1"]
[WhiteElo "1710"]
[BlackElo "1919"]
[WhiteTeam "Villepinte"]
[BlackTeam "Lyon"]

1. e4 c5 2. c3 d5 3. exd5 Qxd5 4. d4 Nf6 5. Nf3 e6 6. Be3 cxd4 7. cxd4 Nc6 8.
a3 Be7 9. Nc3 Qd8 10. Bd3 O-O 11. O-O Qc7 12. Rc1 a6 13. Ne4 Rd8 14. Qc2 h6 15.
Ne5 Bd7 16. Qe2 Qa5 17. Bd2 Qd5 18. Nxf6+ Bxf6 19. Nxd7 Rxd7 20. Be4 Nxd4 21.
Qd3 Qh5 22. Rfe1 Rad8 23. Bc3 Nb3 24. Qg3 Nxc1 25. Bf3 Qg5 26. Bxf6 Qxg3 27.
hxg3 Nd3 28. Bxd8 Nxe1 29. Ba5 Nxf3+ 30. gxf3 Rd1+ 31. Kg2 Rd3 32. g4 Rb3 33.
Bc3 Rxc3 34. bxc3 Kf8 35. f4 Ke7 36. Kf3 Kd6 37. Ke4 Kc5 38. Kd3 b5 39. f3 a5
40. c4 bxc4+ 41. Kc3 g6 42. a4 h5 43. gxh5 gxh5 44. Kd2 Kb4 45. Kd1 Kb3 46. Ke2
Kb2 0-1

[Event "Interclubs Jeunes"]
[Site "Villepinte"]
[Date "21/12/2009"]
[Round "7.4"]
[White "Bombail, Leonard"]
[Black "Stili, Karim"]
[Result "1-0"]
[WhiteElo "1729"]
[BlackElo "1660"]
[WhiteTeam "Lyon"]
[BlackTeam "Villepinte"]

1. b3 d5 2. Bb2 c5 3. e3 Nc6 4. Bb5 a6 5. Bxc6+ bxc6 6. f4 Nf6 7. Nf3 Bg4 8.
O-O e6 9. Qe1 Bxf3 10. Rxf3 d4 11. e4 Be7 12. Na3 Qb8 13. Nc4 O-O 14. d3 Bd8
15. Ba3 Be7 16. Qa5 Qa7 17. Raf1 Rab8 18. Rh3 Rb5 19. Qe1 Kh8 20. Rff3 h6 21.
Bc1 Kh7 22. f5 Ng8 23. g4 g6 24. f6 Bxf6 25. Rxf6 Nxf6 26. Qh4 Nh5 27. gxh5 g5
28. Qf2 Qd7 29. Qf6 e5 30. Rg3 1-0

[Event "Interclubs Jeunes"]
[Site "Villepinte"]
[Date "21/12/2009"]
[Round "7.5"]
[White "Ek, Alexandre"]
[Black "Caslani, Nicolas"]
[Result "1-0"]
[WhiteElo "1833"]
[BlackElo "1555"]
[WhiteTeam "Villepinte"]
[BlackTeam "Lyon"]

1. e4 e5 2. Nf3 Nc6 3. Bb5 Nf6 4. Nc3 Nd4 5. Ba4 c6 6. Nxe5 d6 7. Nf3 Bg4 8. d3
Nd7 9. Be3 Nxf3+ 10. gxf3 Bh5 11. d4 b5 12. Bb3 Qf6 13. Qd2 Qxf3 14. Rg1 Nf6
15. Qd3 Qh3 16. Bf4 Qxd3 17. cxd3 Kd7 18. h3 h6 19. e5 Nh7 20. Ne4 dxe5 21.
dxe5 Re8 22. Kd2 Bg6 23. f3 Bxe4 24. fxe4 g5 25. Be3 c5 26. Raf1 Rxe5 27. Rxf7+
Re7 28. Rgf1 Kd6 29. d4 c4 30. Bc2 Bg7 31. b3 Nf8 32. bxc4 bxc4 33. Rxe7 Kxe7
34. Rb1 Kd6 35. Rb7 Ne6 36. d5 Nc7 37. Bc5+ Kxc5 38. Rxc7+ Kd4 39. Rxg7 Rf8 40.
Ke2 Rf4 41. d6 Kc3 42. Bb1 Kb2 43. Rb7+ Kc1 44. d7 1-0

[Event "Interclubs Jeunes"]
[Site "Villepinte"]
[Date "21/12/2009"]
[Round "7.6"]
[White "Guedon, Sosthene"]
[Black "Venou, Randjit"]
[Result "0-1"]
[WhiteElo "1607"]
[BlackElo "1950"]
[WhiteTeam "Lyon"]
[BlackTeam "Villepinte"]

1. e4 e5 2. Nf3 Nc6 3. Bb5 a6 4. Bxc6 dxc6 5. O-O Bg4 6. h3 h5 7. d3 Qf6 8. Be3
Bd6 9. Nbd2 Bxf3 10. Nxf3 Qe6 11. d4 O-O-O 12. Qe2 f6 13. Rad1 Ne7 14. dxe5
Bxe5 15. Bd4 Bxd4 16. Nxd4 Qd7 17. Rfe1 g5 18. e5 fxe5 19. Qxe5 Rhe8 20. Qxg5
Rg8 21. Qe3 Kb8 22. Nb3 Nd5 23. Qc5 Rdf8 24. Nd2 Qf5 25. c4 Rxg2+ 26. Kxg2 Nf4+
27. Kg1 Rg8+ 28. Kf1 Qxh3# 0-1

[Event "Interclubs Jeunes"]
[Site "Villepinte"]
[Date "21/12/2009"]
[Round "7.7"]
[White "Le Menelec, Alan-Long"]
[Black "Larraufie, Tom"]
[Result "1-0"]
[WhiteElo "1380"]
[BlackElo "1380"]
[WhiteTeam "Villepinte"]
[BlackTeam "Lyon"]

1. e4 e5 2. Nf3 Nc6 3. Nc3 Nf6 4. Bc4 Nxe4 5. Nxe4 d5 6. Bxd5 Qxd5 7. Nc3 Qd8
8. h3 Bd6 9. O-O O-O 10. d4 exd4 11. Nb5 Bc5 12. Bf4 Bd6 13. Bxd6 cxd6 14.
Nbxd4 Nxd4 15. Qxd4 Re8 16. Rfd1 Re6 17. c4 Rg6 18. Kh2 Qe7 19. c5 Bf5 20. cxd6
Qd7 21. Rac1 Re8 22. Ne5 Rxe5 23. Qxe5 f6 24. Qd5+ Be6 25. Rc7 Bxd5 26. Rxd7
Rxg2+ 27. Kh1 Rxf2+ 28. Kg1 Rg2+ 29. Kf1 Rg5 30. Rc7 Rf5+ 31. Kg1 Rg5+ 32. Kf1
Bg2+ 33. Kf2 Kf8 34. d7 Kf7 35. d8=Q+ Kg6 36. Qe7 Bxh3 37. Qxg7+ Kh5 38. Qxh7+
Kg4 39. Rc4# 1-0

[Event "Interclubs Jeunes"]
[Site "Villepinte"]
[Date "21/12/2009"]
[Round "7.8"]
[White "Ek, Bora"]
[Black "Mestrallet, Ivan"]
[Result "0-1"]
[WhiteElo "1360"]
[BlackElo "1540"]
[WhiteTeam "Villepinte"]
[BlackTeam "Lyon"]

1. e4 e5 2. Nf3 Nc6 3. Bc4 Bc5 4. Nc3 d6 5. h3 Nf6 6. d3 h6 7. Be3 Bb6 8. Qd2
Be6 9. Bb3 Nd4 10. Bxe6 fxe6 11. O-O-O Qd7 12. Bxd4 exd4 13. Ne2 e5 14. Nh2
O-O-O 15. f4 Qa4 16. Kb1 Ba5 17. c3 Rhe8 18. Qc2 Qxc2+ 19. Kxc2 c5 20. fxe5
dxe5 21. a3 b5 22. b4 Bb6 23. Ng4 Nxg4 24. hxg4 c4 25. dxc4 bxc4 26. cxd4 exd4
27. Nf4 Rxe4 28. g3 Bc7 29. Rhf1 g5 30. Nh5 Rxg4 31. Rf6 Bxg3 32. Nxg3 Rxg3 33.
Rxh6 Rg2+ 34. Kc1 c3 35. Rc6+ Kb7 36. Rc4 Ra2 37. Kb1 Rxa3 38. Re1 d3 39. Re7+
Kb8 40. Kc1 Ra1# 0-1

[Event "Interclubs Jeunes"]
[Site "Villepinte"]
[Date "21/12/2009"]
[Round "7.9"]
[White "Mestrallet, Ivan"]
[Black "Le Menelec, Alan-Long"]
[Result "1-0"]
[WhiteElo "1540"]
[BlackElo "1380"]
[WhiteTeam "Lyon"]
[BlackTeam "Villepinte"]

1. e4 e5 2. Nf3 Nc6 3. Bc4 Bc5 4. d3 Nf6 5. Bg5 h6 6. Bh4 d6 7. h3 Be6 8. Bb3
d5 9. Nc3 d4 10. Nd5 Bxd5 11. exd5 Ne7 12. Ba4+ c6 13. dxc6 Nxc6 14. Nxe5 Qe7
15. Qe2 Bb4+ 16. Kd1 O-O 17. a3 Bxa3 18. bxa3 Qxe5 19. Qxe5 Nxe5 20. Bxf6 gxf6
21. f4 Ng6 22. g3 a6 23. h4 b5 24. Bb3 f5 25. h5 Ne7 26. Rg1 Kh7 27. Kd2 Rfd8
28. Bxf7 Rac8 29. Rg2 Kg7 30. Bb3 Nc6 31. Be6 Rc7 32. Bxf5 Rd5 33. Be4 Rc5 34.
Ra2 Kf6 35. Bxc6 R7xc6 36. Ke2 1-0

[Event "Interclubs Jeunes"]
[Site "Villepinte"]
[Date "21/12/2009"]
[Round "7.10"]
[White "Larraufie, Tom"]
[Black "Ek, Bora"]
[Result "0-1"]
[WhiteElo "1380"]
[BlackElo "1360"]
[WhiteTeam "Lyon"]
[BlackTeam "Villepinte"]

1. e4 e6 2. d4 d5 3. f3 c5 4. c3 c4 5. exd5 exd5 6. b3 b5 7. bxc4 bxc4 8. Be3
Nf6 9. f4 Bf5 10. Nf3 Bd6 11. Be2 Qe7 12. Bf2 Bxf4 13. O-O O-O 14. Re1 Qc7 15.
Bh4 Nbd7 16. Bxf6 Nxf6 17. Nh4 Be4 18. Bg4 Bxh2+ 19. Kh1 Bg3 20. Rf1 Bxh4 21.
Nd2 Qg3 22. Qe2 Nxg4 23. Nxe4 dxe4 24. Kg1 Qh2# 0-1